000
00336nam a22001457a 4500
008
241217b |||||||| |||| 00| 0 eng d
020
_a
0130796115
050
_a
HD70
_b
.G75
100
_a
GRIHIM, Ricky W.
245
_a
Business
250
_a
5th
260
_a
New Jersey USA
_b
Prentice Hall
_c
1999
300
_a
xxiii,617
942
_c
BK
999
_c
1837
_d
1837